Rigoletto : Oper in 4 Aufzügen /

Main Author: Piave, Francesco Maria, 1810-1876
Other Authors: Verdi, Giuseppe, 1813-1901
Language: German
Published: Wien : C. Kulm, [1898?]
Physical Description: 48 s.
Book
Saved in:
LEADER 00753nam a22002172a 4500
001 001695855
003 CZ BrMZK
005 20190721195433.0
007 ta
008 190721s1898 au er|||||||||||ger d
040 |a BOA001  |b cze  |e aacr2 
100 1 |a Piave, Francesco Maria,  |d 1810-1876  |7 jn20000604428  |4 lbt 
245 1 0 |a Rigoletto :  |b Oper in 4 Aufzügen /  |c von Giuseppe Verdi ; Dichtung von Francesco Maria Piave ; [übersetzt] Johann Christoph Grünbaum 
260 |a Wien :  |b C. Kulm,  |c [1898?] 
300 |a 48 s. 
700 1 |a Verdi, Giuseppe,  |d 1813-1901  |7 jn19990008764  |4 cmp 
910 |a BOA001  |b X-0310.703 
990 |a BK 
993 |a Y 
991 |b 201907 
996 6 |b 2618806262  |c X-0310.703  |l MZK  |r Sklad / do 24 hodin  |n 0  |w 001737138  |u 000010  |a 1  |e BOA001  |j MZK50  |s P